000 00331nam a2200133Ia 4500
008 210210b1966 xxu||||| |||| 00| 0 eng d
082 _a910.4 MENJ
100 _aMENON (K P S).
245 _aJourney round the world.
260 _aBombay
_bBharatiya Vidhya Bhavan
_c1966
300 _aviii,233
690 _aTravel
906 _a029013
999 _c80241
_d80241